El depósito previo y las multas: se modifica el escenario a partir de ley bases (Registro nro. 19562)
[ vista simple ]
| 000 -LEADER | |
|---|---|
| fixed length control field | 00363 a2200109 4500 |
| 001 - CONTROL NUMBER | |
| control field | ART_63258 |
| 005 - DATE AND TIME OF LATEST TRANSACTION | |
| control field | 20260410161750.0 |
| 008 - FIXED-LENGTH DATA ELEMENTS--GENERAL INFORMATION | |
| fixed length control field | 260409a |
| 100 1# - MAIN ENTRY--PERSONAL NAME | |
| Personal name | Condoleo, Roberto O. |
| 245 10 - TITLE STATEMENT | |
| Title | El depósito previo y las multas: se modifica el escenario a partir de ley bases |
| 773 0# - HOST ITEM ENTRY | |
| Title | Doctrina laboral |
| Related parts | - Nº 471 (ago./sep. 2025) |
| Record control number | REV4049 |
No hay ítems disponibles.